Svet čoskoro nebude potrebovať hotovosť
Činnosť spoločnosti Visa International v jednotlivých oblastiach sveta pri modernizácii platobného styku bez hotovosti prostredníctvom šekov, úverových kariet, bankomatov Visa/PLUS, satelitnej technológie VSAT (Very Small Aperture Terminal). Vízia elektronickej peňaženky platnej na celom svete na do...
Uložené v:
| Hlavný autor: | |
|---|---|
| Médium: | Kapitola |
| Jazyk: | Slovak |
| Predmet: | |
| Tagy: |
Žiadne tagy, Buďte prvý, kto otaguje tento záznam!
|
MARC
| LEADER | 00000naa a2200000 4500 | ||
|---|---|---|---|
| 001 | r015386 | ||
| 005 | 20221213114718.2 | ||
| 041 | 0 | |a slo | |
| 044 | |a SK | ||
| 245 | 1 | 0 | |a Svet čoskoro nebude potrebovať hotovosť |c P. Slivka |
| 520 | |a Činnosť spoločnosti Visa International v jednotlivých oblastiach sveta pri modernizácii platobného styku bez hotovosti prostredníctvom šekov, úverových kariet, bankomatov Visa/PLUS, satelitnej technológie VSAT (Very Small Aperture Terminal). Vízia elektronickej peňaženky platnej na celom svete na dosah. | ||
| 610 | 2 | 0 | |a karty platobné |
| 610 | 2 | 0 | |a Visa International |
| 610 | 2 | 0 | |a styk platobný bezhotovostný |
| 610 | 2 | 0 | |a šeky |
| 610 | 2 | 0 | |a bankomaty |
| 610 | 2 | 0 | |a VSAT |
| 100 | 1 | |a Slivka, P. | |